[Event "45th FIDE Chess Olympiad Open"]
[Site "Budapest, Hungary"]
[Date "2024.09.11"]
[Round "1.140"]
[White "Almeida Quintana, Omar"]
[Black "Bandara, Dhanushka"]
[Result "1-0"]
[WhiteElo "2492"]
[BlackElo "1903"]
[PlyCount "53"]
[EventDate "2024.??.??"]
[WhiteTeam "Cuba"]
[BlackTeam "Sri Lanka"]
[WhiteTeamCountry "CUB"]
[BlackTeamCountry "SRI"]
[WhiteClock "0:44:37"]
[BlackClock "0:15:16"]

1. d4 Nf6 2. Nf3 d5 3. c4 e6 4. Nc3 Bb4 5. Qa4+ Nc6 6. e3 O-O 7. Bd2 Bd7 8. Qb3 ({RR} 8. Qc2 Ne7 9. Rd1 Ng6 10. Be2 dxc4 11. Bxc4 c5 12. O-O cxd4 13. Nxd4 Rc8 14. Qb3 Bd6 15. Be2 e5 16. Ndb5 Bb8 17. Qa3 Qe7 18. Bc1 Qxa3 19. Nxa3 Be6 20. Bf3 Rc7 21. Nab5 Re7 22. b3 a6 {Le,Q (2712)-Bologan,V (2661) Dubai 2014 1-0}) 8... Qe7 9. cxd5 ({RR} 9. a3 dxc4 10. Qxc4 Bxc3 11. Bxc3 Ne4 12. Rc1 Rfc8 13. Bd3 Nxc3 14. Qxc3 a5 15. O-O a4 16. Qc5 Ra5 17. Qxe7 Nxe7 18. Ne5 Be8 19. Rc2 f6 20. Nc4 Raa8 21. Be4 Bg6 22. Bxg6 hxg6 23. Rfc1 Rd8 {Schmitz,M (1915)-Engel,R (2119) Bremen 2021 ½-½ (49)}) 9... exd5 10. a3 $146 ({RR} 10. Be2 Be6 11. O-O Na5 12. Qc2 c6 13. b3 b5 14. a3 Bd6 15. Nxb5 Nxb3 16. Qxb3 cxb5 17. Bxb5 Rab8 18. Qa4 Ne4 19. Ra2 Nxd2 20. Nxd2 Qc7 21. h3 f5 22. Re1 Bf7 23. f4 Qb7 24. Bd3 g6 {Reza,W (2265)-Wasiak,S (1694) Poznan 2015 1-0 (42)}) 10... Bxc3 11. Bxc3 Rab8 12. Bd3 Rfd8 13. h3 Be6 14. Qc2 h6 15. b4 a6 16. Bb2 Na7 17. Nd2 Nc8 18. O-O Nd6 19. Rac1 c6 20. Nb3 Nde4 21. Rfe1 Ng5 22. Nc5 Bc8 23. f3 Qd6 24. Qf2 b6 25. h4 Ne6 26. Nb3 Nh5 27. g4 1-0

[Event "45th FIDE Chess Olympiad Open"]
[Site "Budapest, Hungary"]
[Date "2024.09.11"]
[Round "1.141"]
[White "Kadric, Denis"]
[Black "Blackman, Justin"]
[Result "1-0"]
[WhiteElo "2553"]
[BlackElo "2265"]
[PlyCount "117"]
[EventDate "2024.??.??"]
[WhiteTeam "Montenegro"]
[BlackTeam "Barbados"]
[WhiteTeamCountry "MNE"]
[BlackTeamCountry "BAR"]
[WhiteClock "1:09:37"]
[BlackClock "0:19:30"]

1. e4 c5 2. Nc3 d6 3. f4 g6 4. Nf3 Bg7 5. Bb5+ Bd7 6. Bc4 Nc6 7. O-O e6 8. f5 ({RR} 8. d3 Nge7 9. Be3 O-O 10. Bf2 Na5 11. Bb3 b5 12. e5 Bc6 13. Qe1 c4 14. dxc4 bxc4 15. Ba4 Bxf3 16. gxf3 d5 17. Rd1 Nb7 18. b3 Qc8 19. Nb5 a6 20. Na7 Rxa7 21. Bxa7 Nc5 22. Qb4 Nxa4 {Fedoseev,V (2668)-Areshchenko,A (2701) Martuni 2014 1-0 (41)}) 8... gxf5 ({RR} 8... Nf6 9. d3 exf5 10. Bf4 O-O 11. Bxd6 Re8 12. Ng5 Be6 13. exf5 gxf5 14. Nxe6 fxe6 15. Bxc5 Nd4 16. h3 Nd7 17. Bxd4 Bxd4+ 18. Kh1 Ne5 19. Bb3 Kh8 20. Qh5 a6 21. Rae1 Qd6 22. Ne2 Be3 23. Qh4 {Kadric,D (2585)-Matlakov,M (2698) Caleta 2020 1-0}) 9. exf5 ({RR} 9. d3 Nd4 10. Bf4 Bc6 11. Nxd4 cxd4 12. Nb5 e5 13. Qh5 d5 14. exd5 Bxb5 15. Bxb5+ Kf8 16. Bg5 Qc8 17. d6 Qe6 18. Qf3 Rb8 19. Bc4 Qg6 20. Qxf5 Qxf5 21. Rxf5 f6 22. Raf1 Rd8 23. Rxe5 Rxd6 {Demchenko,A (2609)-Lashkin,J (2451) chess.com INT 2024 1-0}) 9... d5 10. Bb5 $146 ({RR} 10. fxe6 Bxe6 11. Bb5 Qd7 12. Na4 Bf8 13. d4 O-O-O 14. Ne5 Qc7 15. Nxc6 bxc6 16. Ba6+ Kd7 17. Nxc5+ Bxc5 18. dxc5 Qa5 19. Qd4 Ne7 20. Bd3 Rhg8 21. b4 Qa4 22. c3 Rg4 23. Bf4 Rdg8 24. Rf2 Qa3 {Karatas,K (1743)-Uysal,B (2053) Manavgat 2015 1-0}) 10... Nf6 11. d3 O-O 12. Qe1 Nd4 13. Bxd7 Nxd7 14. Nxd4 cxd4 15. fxe6 fxe6 16. Qxe6+ Kh8 17. Nxd5 Rxf1+ 18. Kxf1 Nc5 19. Qf5 Qh4 20. Nf4 Re8 21. Bd2 Qxh2 22. Re1 Rxe1+ 23. Kxe1 Qh4+ 24. Kd1 Qe7 25. Bb4 b6 26. Qc8+ Qf8 27. Qxf8+ Bxf8 28. Ke2 Kg8 29. Bxc5 bxc5 30. Kf3 Kf7 31. Ke4 Bd6 32. Kf5 Ke7 33. Nd5+ Kf7 34. Nf6 h6 35. Ng4 h5 36. Nh6+ Kg7 37. Kg5 Bb8 38. Nf5+ Kf7 39. Kxh5 Kf6 40. Kg4 Bc7 41. Ng3 Ke5 42. b3 Bd8 43. Ne4 Be7 44. g3 a6 45. a4 a5 46. Nd2 Bd8 47. Nc4+ Ke6 48. Kf3 Kf5 49. g4+ Kg5 50. Nd6 Kf6 51. Ke4 Ke6 52. Nb7 Be7 53. Nxa5 Bh4 54. Nc4 Be7 55. a5 Kd7 56. a6 Kc7 57. a7 Kb7 58. Nb6 Kxa7 59. Nc8+ 1-0

[Event "45th FIDE Chess Olympiad Open"]
[Site "Budapest, Hungary"]
[Date "2024.09.11"]
[Round "1.142"]
[White "Lynch, Kemp"]
[Black "Petrov, Nikita"]
[Result "0-1"]
[WhiteElo "1944"]
[BlackElo "2574"]
[PlyCount "92"]
[EventDate "2024.??.??"]
[WhiteTeam "Barbados"]
[BlackTeam "Montenegro"]
[WhiteTeamCountry "BAR"]
[BlackTeamCountry "MNE"]
[WhiteClock "0:43:12"]
[BlackClock "0:29:57"]

1. e4 c5 2. Nf3 Nc6 3. d4 cxd4 4. Nxd4 e6 5. Nc3 Qc7 6. g3 a6 7. Bg2 d6 8. O-O Nf6 9. a4 Be7 10. Nb3 b6 11. Be3 Bb7 12. Qe2 O-O 13. f4 ({RR} 13. g4 Rac8 14. h3 Rfe8 15. g5 Nd7 16. f4 Bf8 17. Qf2 g6 18. Rad1 Nc5 19. h4 Nb4 20. h5 Bc6 21. Nxc5 bxc5 22. Rd2 Bd7 23. Rfd1 Rcd8 24. Bf3 Bc8 25. Kg2 Qe7 26. Re2 Qc7 27. hxg6 fxg6 {Gurbanov,I (1985)-Ozcan,I (1986) Ankara TUR 2023 0-1 (80)}) 13... Nb4 14. Kh1 $146 ({RR} 14. Qf2 Ng4 15. Bxb6 Qb8 16. Qe2 Bxe4 17. Bxe4 Qxb6+ 18. Kh1 d5 19. a5 Qa7 20. Qxg4 dxe4 21. Qe2 f5 22. Na4 Rac8 23. c3 Nd3 24. Nd4 Bf6 25. Nxe6 Rfe8 26. Nb6 Qb7 27. Nxc8 Qxc8 28. Nd4 Bxd4 {Pichler,J (2325)-Gobet,F (2355) Augsburg 1986 0-1 (39)}) ({RR} 14. a5 b5 15. Bb6 Qb8 16. Nd1 Nd7 17. Bf2 Nc5 18. Nxc5 dxc5 19. c3 Nc6 20. Ne3 Qc7 21. Qh5 Nxa5 22. f5 Rad8 23. fxe6 fxe6 24. Ng4 Nc4 25. b4 Nd2 26. Rfe1 cxb4 27. Bd4 Rxd4 28. cxd4 b3 {Richmond,P (2237)-McClement,A (2128) England 2013 0-1 (50)}) 14... Rac8 15. Bg1 e5 16. fxe5 dxe5 17. Rac1 h6 18. Be3 Qc6 19. Nd2 Qe6 20. Bf3 Na2 21. Nxa2 Qxa2 22. c4 Qxa4 23. Bxb6 Bb4 24. Be3 Rfd8 25. Rfd1 Rd7 26. Bb6 Rxd2 27. Rxd2 Bxd2 28. Qxd2 Bxe4 29. Bxe4 Nxe4 30. Qd5 Nf6 31. Qa5 Rxc4 32. Qxa4 Rxa4 33. Bc5 Ne4 34. Ba3 Rd4 35. Rc8+ Kh7 36. Rc7 Ng5 37. h4 Rd1+ 38. Kg2 Rd2+ 39. Kf1 Ne4 40. Rxf7 Nxg3+ 41. Ke1 Rd4 42. Ra7 Ra4 43. Kf2 Nf5 44. h5 e4 45. Rf7 e3+ 46. Ke2 Rf4 0-1

[Event "45th FIDE Chess Olympiad Open"]
[Site "Budapest, Hungary"]
[Date "2024.09.11"]
[Round "1.143"]
[White "Djukic, Nikola"]
[Black "Corbin, Philip"]
[Result "1-0"]
[WhiteElo "2515"]
[BlackElo "1916"]
[PlyCount "81"]
[EventDate "2024.??.??"]
[WhiteTeam "Montenegro"]
[BlackTeam "Barbados"]
[WhiteTeamCountry "MNE"]
[BlackTeamCountry "BAR"]
[WhiteClock "0:32:34"]
[BlackClock "0:15:47"]

1. e4 e5 2. Nf3 d5 3. exd5 Bd6 4. d4 e4 5. Ne5 Nf6 6. Bb5+ c6 ({RR} 6... Bd7 7. Nxd7 Nbxd7 8. c4 a6 9. Bxd7+ Qxd7 10. Nc3 O-O 11. O-O Rae8 12. h3 b5 13. b3 Qf5 14. Be3 g5 15. f3 Bf4 16. Qd2 exf3 17. Bxf4 b4 18. Bxc7 bxc3 19. Qxc3 g4 20. hxg4 f2+ 21. Kh1 {Parligras,M (2559)-Gunnarsson,A (2437) Mallorca 2004 1-0 (33)}) 7. dxc6 bxc6 8. Ba4 ({RR} 8. Nxc6 Qb6 9. c4 Nxc6 10. d5 O-O 11. Bxc6 Ng4 12. Qe2 f5 13. Bxa8 f4 14. f3 Ne5 15. Nc3 exf3 16. gxf3 Bf5 17. Ne4 Bb4+ 18. Kd1 Qd4+ 19. Kc2 Nxf3 20. Rd1 Bxe4+ 21. Kb3 Rb8 22. Bc6 Bd2+ {Sakelsek,T (2425)-Corbin,P (2242) Mallorca 2004 0-1}) 8... O-O $146 ({RR} 8... Qa5+ 9. Nc3 Bxe5 10. dxe5 Qxe5 11. Be3 O-O 12. Qd4 Qh5 13. Nxe4 Nxe4 14. Qxe4 Be6 15. O-O Bd5 16. Qf4 Nd7 17. c4 Be6 18. Bxc6 Rac8 19. Bxd7 Bxd7 20. Bxa7 Rc6 21. Rfd1 Rf6 22. Qc7 Bc6 23. Rd8 {Li,H (2315)-Rogers,J (2333) England 2022 1-0 (62)}) ({RR} 8... Bxe5 9. dxe5 Qa5+ 10. Nc3 Qxe5 11. Be3 O-O 12. Qd4 Qf5 13. O-O-O Be6 14. h3 Qa5 15. Qc5 Qa6 16. Rd4 Bd5 17. Rhd1 Nbd7 18. Qd6 Nb6 19. Bb3 Rac8 20. Bg5 Ne8 21. Qg3 f6 22. Bf4 Bxb3 23. cxb3 {Mannion,S (2135)-Castellanos Bogalo,A (1983) Maia POR 2024 1-0 (35)}) 9. Nc3 Ba6 10. Bg5 Qa5 11. Bxf6 gxf6 12. Qg4+ Kh8 13. Qf5 fxe5 14. Qf6+ Kg8 15. Qxd6 exd4 16. Qxd4 Rd8 17. Qe3 Nd7 18. O-O-O Nc5 19. Rxd8+ Rxd8 20. b4 Qxb4 21. Qg5+ Kf8 22. Qxd8+ Kg7 23. Qg5+ Kf8 24. Rd1 Nd3+ 25. Rxd3 exd3 26. Qf6 Bc4 27. Qd8+ Kg7 28. Qd4+ Kg8 29. cxd3 Qa3+ 30. Kd2 Qb2+ 31. Bc2 Bxa2 32. Qxa7 Be6 33. Qa8+ Kg7 34. Qxc6 Qb4 35. Qe4 Qb6 36. d4 f5 37. Qe5+ Kf7 38. Bxf5 Qb2+ 39. Bc2 Bb3 40. Qc7+ Kf6 41. Qb6+ 1-0

[Event "45th FIDE Chess Olympiad Open"]
[Site "Budapest, Hungary"]
[Date "2024.09.11"]
[Round "1.144"]
[White "Edwards, Emar"]
[Black "Draskovic, Luka"]
[Result "0-1"]
[WhiteElo "1898"]
[BlackElo "2497"]
[PlyCount "102"]
[EventDate "2024.??.??"]
[WhiteTeam "Barbados"]
[BlackTeam "Montenegro"]
[WhiteTeamCountry "BAR"]
[BlackTeamCountry "MNE"]
[WhiteClock "0:01:09"]
[BlackClock "0:06:09"]

1. d4 Nf6 2. Nc3 d5 3. Bf4 e6 4. Nb5 Na6 5. e3 c6 6. Nc3 Qb6 7. a3 c5 8. Nf3 Bd7 9. Rb1 Rc8 10. Bd3 Be7 11. O-O O-O 12. Ne5 Nb8 $146 ({RR} 12... Be8 13. Re1 Nb8 14. Na2 Nc6 15. c3 Nxe5 16. Bxe5 Nd7 17. Bg3 Bd6 18. Bxd6 Qxd6 19. Nc1 e5 20. Ne2 e4 21. Bc2 c4 22. Nf4 Nf6 23. f3 Bd7 24. fxe4 dxe4 25. Rf1 Rfe8 26. Qe1 Nd5 27. Qg3 {Jaskolka,T (2241)-Pashikyan,R (2286) chess.com INT 2024 1-0 (62)}) ({RR} 12... Rfd8 13. Bg5 h6 14. Bh4 Kf8 15. Nxd7+ Rxd7 16. Be2 Ng8 17. Bg3 cxd4 18. exd4 Bf6 19. Bxa6 Qxa6 20. Ne2 Ne7 21. c3 Nf5 22. Nf4 Be7 23. Re1 Bd6 24. Nd3 Nxg3 25. hxg3 Qb6 26. f4 Qd8 27. Qh5 {Kaczmarczyk,D (2448)-Arcuti,D (2390) Switzerland 2021 1-0 (60)}) 13. dxc5 Qxc5 14. Qf3 Nc6 15. Qh3 g6 16. Nxc6 Bxc6 17. Rfd1 a6 18. b4 Qb6 19. Bg5 Qd8 20. Qh4 Re8 21. Ne2 Ba4 22. Rdc1 Nd7 23. Bxe7 Qxe7 24. Qxe7 Rxe7 25. c4 dxc4 26. Rxc4 Rxc4 27. Bxc4 Ne5 28. Bb3 Bxb3 29. Rxb3 Rd7 30. h3 Rd1+ 31. Kh2 Rd2 32. Nf4 Rxf2 33. b5 Rd2 34. bxa6 bxa6 35. Rb6 Nc4 36. Rxa6 e5 37. Rc6 Nxe3 38. Nxg6 fxg6 39. Re6 Rxg2+ 40. Kh1 Re2 41. a4 Nc4 42. Rc6 Nd2 43. Rc2 e4 44. a5 e3 45. a6 Re1+ 46. Kg2 Ra1 47. Rc8+ Kg7 48. Re8 Nc4 49. Re4 Ra2+ 50. Kg1 Rxa6 51. Rxc4 Ra1+ 0-1

[Event "45th FIDE Chess Olympiad Open"]
[Site "Budapest, Hungary"]
[Date "2024.09.11"]
[Round "1.145"]
[White "Alrehaili, Ahmed Abdullah S"]
[Black "Cheng, Bobby"]
[Result "1-0"]
[WhiteElo "2117"]
[BlackElo "2588"]
[PlyCount "79"]
[EventDate "2024.??.??"]
[WhiteTeam "Saudi Arabia"]
[BlackTeam "Australia"]
[WhiteTeamCountry "SAU"]
[BlackTeamCountry "AUS"]
[WhiteClock "0:03:33"]
[BlackClock "0:11:05"]

1. e4 c5 2. Nf3 d6 3. d4 cxd4 4. Nxd4 Nf6 5. Nc3 a6 6. Be2 e5 7. Nb3 Be7 8. O-O O-O 9. Kh1 h6 ({RR} 9... Nc6 10. Be3 Be6 11. Qd2 a5 12. Rfd1 a4 13. Nc1 Ra5 14. Bf3 a3 15. b3 Qc7 16. Nd3 Rc8 17. Rac1 h6 18. h3 Nd4 19. Bxd4 exd4 20. Ne2 d5 21. e5 Ne4 22. Qe1 Nc3 23. Nxc3 Qxc3 24. Bg4 {Anand,V (2774)-Polgar,J (2718) Mainz 2003 1-0 (55)}) ({RR} 9... Re8 10. Be3 Nbd7 11. a4 b6 12. Bc4 Bb7 13. f3 Qc7 14. Qe2 Rec8 15. Nd2 Nc5 16. Rfd1 Qb8 17. Nf1 Ne6 18. Ng3 g6 19. b3 Nf4 20. Qf2 b5 21. axb5 axb5 22. Nxb5 d5 23. exd5 Bxd5 24. Bf1 {Piorun,K (2603)-Utsab,C (2289) Barcelona ESP 2024 0-1 (48)}) 10. f4 Nc6 11. Qe1 $146 ({RR} 11. f5 b5 12. a3 Bb7 13. Bf3 Rc8 14. g4 Nh7 15. Nd5 Bh4 16. Be3 Ne7 17. Bb6 Qd7 18. Nb4 Ng5 19. Qe2 Nxf3 20. Rxf3 Rc4 21. Nd2 Rcc8 22. Rd1 Bg5 23. Rd3 Bxd2 24. R1xd2 Rc4 25. Re3 a5 {Lyashchov,V (2108)-Shadura,A (1978) Nevinnomyssk 2012 1-0 (42)}) 11... b5 12. a4 bxa4 13. Rxa4 a5 14. Qg3 Kh8 15. Rd1 Bd7 16. fxe5 dxe5 17. Bb5 Bb4 18. Bxc6 Bxc6 19. Rxd8 Raxd8 20. Ra1 Nxe4 21. Qh4 Bxc3 22. Bxh6 gxh6 23. Qxh6+ Kg8 24. Qxc6 Bxb2 25. Qxe4 Bxa1 26. Qg4+ Kh8 27. Nxa1 f5 28. Qh5+ Kg7 29. Nb3 a4 30. Nc5 Rf6 31. Ne6+ Rxe6 32. Qg5+ Kf7 33. Qxd8 Ra6 34. Qc8 Rd6 35. Qxf5+ Kg8 36. h4 a3 37. Qc8+ Kf7 38. Qf5+ Kg8 39. Qg4+ Kh7 40. Qe4+ 1-0

[Event "45th FIDE Chess Olympiad Open"]
[Site "Budapest, Hungary"]
[Date "2024.09.11"]
[Round "1.146"]
[White "Sardana, Rishi"]
[Black "Al Thebaiti, Ahmed M"]
[Result "1-0"]
[WhiteElo "2477"]
[BlackElo "1993"]
[PlyCount "77"]
[EventDate "2024.??.??"]
[WhiteTeam "Australia"]
[BlackTeam "Saudi Arabia"]
[WhiteTeamCountry "AUS"]
[BlackTeamCountry "SAU"]
[WhiteClock "0:04:06"]
[BlackClock "0:01:20"]

1. e4 e5 2. Nf3 Nc6 3. Bb5 a6 4. Ba4 Nf6 5. O-O b5 6. Bb3 Bc5 7. c3 d6 8. d4 Bb6 9. Be3 O-O 10. Nbd2 h6 11. h3 Re8 12. Re1 Bb7 13. d5 Ne7 14. Bxb6 cxb6 15. Bc2 ({RR} 15. a4 bxa4 16. Bxa4 b5 17. Bc2 Ng6 18. Bd3 Nh5 19. b4 Ngf4 20. Bf1 f5 21. exf5 Nf6 22. c4 bxc4 23. Nxc4 N4xd5 24. Na5 Qb6 25. Nxb7 Qxb7 26. Bc4 Kh8 27. Bxd5 Nxd5 28. Ra5 Nxb4 29. Qxd6 Rad8 {Vitiugov,N (2747)-Firouzja,A (2723) Wijk aan Zee 2020 ½-½ (33)}) 15... Ng6 ({RR} 15... Nd7 16. a4 bxa4 17. Rxa4 b5 18. Ra1 a5 19. Bd3 Qb6 20. Qe2 Ba6 21. b4 a4 22. Reb1 Rec8 23. Ra3 f5 24. Nh4 Nf6 25. Nxf5 Nxf5 26. exf5 Nxd5 27. Be4 Nf4 28. Qe3 Qc7 29. g3 Nxh3+ 30. Kh2 {Efimenko,Z (2565)-Ashraf,A (2399) chess.com INT 2024 0-1 (39)}) 16. Bd3 Nd7 17. b4 $146 ({RR} 17. Bf1 Rc8 18. a4 bxa4 19. Qxa4 b5 20. Qa3 Nb6 21. Nb3 f5 22. Na5 Ba8 23. exf5 Nf4 24. Nd2 Bxd5 25. Ne4 Bxe4 26. Rxe4 Qd7 27. Re3 Rf8 28. g3 Nfd5 29. Re2 Qxf5 30. Qxd6 e4 31. Bg2 Rcd8 {Fier,A (2566)-Georgiev,V (2559) Dieren 2011 0-1 (40)}) ({RR} 17. g3 Rf8 18. b4 f5 19. exf5 Ne7 20. a4 Bxd5 21. axb5 axb5 22. Rxa8 Bxa8 23. g4 Bc6 24. Qe2 Nd5 25. Bxb5 Nf4 26. Qc4+ Bd5 27. Qf1 Qc7 28. Re3 Nf6 29. c4 Bb7 30. Ba4 Kh8 31. Bb3 Re8 {Mammadzada,G (2371)-Pogonina,N (2492) Novi Sad 2016 ½-½ (48)}) ({RR} 17. g3 Nc5 18. Bf1 Rc8 19. Rc1 Qd7 20. Qc2 a5 21. Bg2 Ba6 22. Nf1 b4 23. c4 b5 24. Ne3 bxc4 25. Nxc4 Na4 26. Nfd2 Rc5 27. b3 Nc3 28. a4 Ne7 29. f4 exf4 30. gxf4 Ng6 31. f5 Ne5 {Bodnaruk,A (2419)-Trapeznikova,D (2065) Sochi 2019 1-0 (44)}) 17... Qf6 18. Bf1 Rec8 19. Rc1 Rc7 20. Qb3 Rac8 21. c4 Nf4 22. Qe3 Qd8 23. Rc3 bxc4 24. Rxc4 b5 25. Rxc7 Qxc7 26. Nb3 Qc3 27. Qa7 Nxh3+ 28. gxh3 Qxf3 29. Bg2 Qf6 30. Qxb7 Rc2 31. Rf1 Nf8 32. Qb8 g5 33. Na5 Kg7 34. Nb7 Ng6 35. Nxd6 Kh7 36. Ne8 Qf4 37. Qd6 Rc8 38. Nf6+ Kh8 39. Nh5 1-0

[Event "45th FIDE Chess Olympiad Open"]
[Site "Budapest, Hungary"]
[Date "2024.09.11"]
[Round "1.147"]
[White "Alshnaiber, Yazeed"]
[Black "Zhao, Zong-Yuan"]
[Result "0-1"]
[WhiteElo "1889"]
[BlackElo "2478"]
[PlyCount "96"]
[EventDate "2024.??.??"]
[WhiteTeam "Saudi Arabia"]
[BlackTeam "Australia"]
[WhiteTeamCountry "SAU"]
[BlackTeamCountry "AUS"]
[WhiteClock "0:28:58"]
[BlackClock "0:17:36"]

1. e4 c5 2. Nf3 d6 3. d4 cxd4 4. Nxd4 Nf6 5. Nc3 a6 6. Be2 e5 7. Nb3 Be7 8. O-O O-O 9. Kh1 h6 ({RR} 9... Nc6 10. Be3 Be6 11. Qd2 a5 12. Rfd1 a4 13. Nc1 Ra5 14. Bf3 a3 15. b3 Qc7 16. Nd3 Rc8 17. Rac1 h6 18. h3 Nd4 19. Bxd4 exd4 20. Ne2 d5 21. e5 Ne4 22. Qe1 Nc3 23. Nxc3 Qxc3 24. Bg4 {Anand,V (2774)-Polgar,J (2718) Mainz 2003 1-0 (55)}) ({RR} 9... Re8 10. Be3 Nbd7 11. a4 b6 12. Bc4 Bb7 13. f3 Qc7 14. Qe2 Rec8 15. Nd2 Nc5 16. Rfd1 Qb8 17. Nf1 Ne6 18. Ng3 g6 19. b3 Nf4 20. Qf2 b5 21. axb5 axb5 22. Nxb5 d5 23. exd5 Bxd5 24. Bf1 {Piorun,K (2603)-Utsab,C (2289) Barcelona ESP 2024 0-1 (48)}) 10. f4 Nbd7 $146 ({RR} 10... Nc6 11. f5 b5 12. a3 Bb7 13. Bf3 Rc8 14. g4 Nh7 15. Nd5 Bh4 16. Be3 Ne7 17. Bb6 Qd7 18. Nb4 Ng5 19. Qe2 Nxf3 20. Rxf3 Rc4 21. Nd2 Rcc8 22. Rd1 Bg5 23. Rd3 Bxd2 24. R1xd2 Rc4 25. Re3 {Lyashchov,V (2108)-Shadura,A (1978) Nevinnomyssk 2012 1-0 (42)}) 11. Qe1 b5 12. a4 b4 13. Nd5 Nxd5 14. exd5 a5 15. c4 bxc3 16. bxc3 Bf6 17. Ra2 Re8 18. Qf2 Ba6 19. Bxa6 Rxa6 20. fxe5 Nxe5 21. Nd4 Qa8 22. Nb5 Re7 23. Ba3 Nc4 24. Re2 Rxe2 25. Qxe2 Qxd5 26. Nc7 Qc6 27. Nxa6 Nxa3 28. Re1 Be5 29. Qb2 Qxa4 30. Ra1 Qf4 31. g3 Qf3+ 32. Qg2 Qxc3 33. Qa8+ Kh7 34. Qe4+ g6 35. Rf1 Kg7 36. Qd5 Bf6 37. Nb8 Qc4 38. Qf3 Bc3 39. Nd7 Nb5 40. Rd1 Qe6 41. Nb6 Be5 42. Nd5 a4 43. Qd3 Nd4 44. Nf4 Qc8 45. Qe4 a3 46. Nd3 Bf6 47. Rf1 a2 48. Nb4 Qc4 0-1

[Event "45th FIDE Chess Olympiad Open"]
[Site "Budapest, Hungary"]
[Date "2024.09.11"]
[Round "1.148"]
[White "Smerdon, David C"]
[Black "Al Abdali, Zeyad Saleh"]
[Result "1-0"]
[WhiteElo "2475"]
[BlackElo "1780"]
[PlyCount "53"]
[EventDate "2024.??.??"]
[WhiteTeam "Australia"]
[BlackTeam "Saudi Arabia"]
[WhiteTeamCountry "AUS"]
[BlackTeamCountry "SAU"]
[WhiteClock "0:30:06"]
[BlackClock "0:06:16"]

1. e4 c5 2. c3 Nf6 3. e5 Nd5 4. Nf3 e6 5. d4 cxd4 6. cxd4 d6 7. Bc4 Be7 8. O-O O-O 9. Qe2 Bd7 10. Nc3 Nxc3 11. bxc3 Bc6 12. exd6 Qxd6 ({RR} 12... Bxd6 13. Ne5 Bxe5 14. Qxe5 Nd7 15. Qg3 Rc8 16. Bd3 Re8 17. Bh6 g6 18. c4 Qf6 19. Be3 a6 20. a4 h5 21. h4 Nb6 22. a5 Na4 23. d5 exd5 24. cxd5 Bd7 25. Rac1 Nc3 26. d6 Bf5 27. Bg5 {Komov,R (2234)-Herrera,J (2216) chess.com INT 2024 1-0 (33)}) 13. a4 Rc8 $146 ({RR} 13... Qc7 14. Ne5 Bd5 15. Bxd5 exd5 16. Qg4 Qc8 17. Qg3 Nc6 18. Bh6 Bf6 19. Ng4 Qf5 20. Rab1 b6 21. Rb5 Ne7 22. Nxf6+ Qxf6 23. Bg5 Qe6 24. Bxe7 Qxe7 25. Rxd5 Rac8 26. a5 Qa3 27. axb6 axb6 28. Qd6 {Maurizzi,M (2490)-Koch,J (2441) Chartres 2022 ½-½ (38)}) 14. Ne5 Bd5 15. Bd3 Rxc3 16. Bxh7+ Kxh7 17. Qh5+ Kg8 18. Qxf7+ Kh7 19. Bf4 Nc6 20. Nxc6 Qxc6 21. Qxe7 Bxg2 22. Be5 Rg8 23. Qh4+ Kg6 24. Qg4+ Kf7 25. Qxg2 Qa6 26. Rac1 Qc6 27. d5 1-0

[Event "45th FIDE Chess Olympiad Open"]
[Site "Budapest, Hungary"]
[Date "2024.09.11"]
[Round "1.149"]
[White "Pelletier, Yannick"]
[Black "Njoroge, Martin"]
[Result "1-0"]
[WhiteElo "2526"]
[BlackElo "1972"]
[PlyCount "75"]
[EventDate "2024.??.??"]
[WhiteTeam "Switzerland"]
[BlackTeam "Kenya"]
[WhiteTeamCountry "SUI"]
[BlackTeamCountry "KEN"]
[WhiteClock "0:14:25"]
[BlackClock "0:12:07"]

1. d4 d5 2. Nf3 e6 3. c4 Nf6 4. Bg5 Be7 5. e3 O-O 6. Nbd2 b6 7. Rc1 Bb7 8. cxd5 exd5 9. Bd3 Nbd7 10. O-O c5 11. b3 $146 ({RR} 11. Bb1 Rc8 12. dxc5 bxc5 13. Qc2 g6 14. b3 Qb6 15. Qc3 Qd6 16. Rfd1 Qb8 17. Bd3 Rfe8 18. Bb5 Bc6 19. Bxc6 Rxc6 20. Bf4 Qb7 21. Ne5 Nxe5 22. Bxe5 Nd7 23. Bf4 Bf8 24. Nf3 Rcc8 25. Qd3 Nb6 {Hernandez Guarin,S (1426)-Banol Banol,J (1500) Villavicencio 2022 1-0 (51)}) ({RR} 11. dxc5 bxc5 12. Qc2 g6 13. Rfd1 Rc8 14. b3 Re8 15. Bb5 a6 16. Ba4 Rf8 17. Bh6 Re8 18. Qb2 Bf8 19. Bg5 Bg7 20. Qa3 Qa5 21. Nb1 Red8 22. Bxd7 Qxa3 23. Nxa3 Rxd7 24. Bxf6 Bxf6 25. Nc4 Rcc7 {Nakamura,H (2781)-Javakhadze,Z (2456) Chess.com INT 2018 1-0 (100)}) 11... Rc8 12. Ne5 Nxe5 13. dxe5 Ne4 14. Bf4 Nxd2 15. Qxd2 c4 16. Bf5 Ra8 17. bxc4 dxc4 18. Qc2 g6 19. Rfd1 Qc7 20. Bd7 Rfd8 21. e6 Qc5 22. Qxc4 Qxc4 23. Rxc4 fxe6 24. Bc7 Bd5 25. Bxd8 Rxd8 26. Rc7 Bxa2 27. Rxa7 Bd5 28. e4 Bc4 29. Rc1 Bb3 30. Bxe6+ Bxe6 31. Rxe7 Bc4 32. f3 b5 33. Rb7 h6 34. h4 Rd2 35. Ra1 Kh8 36. Ra8+ Bg8 37. Rbb8 Rxg2+ 38. Kxg2 1-0

[Event "45th FIDE Chess Olympiad Open"]
[Site "Budapest, Hungary"]
[Date "2024.09.11"]
[Round "1.150"]
[White "Oluka Robert Mcligeyo"]
[Black "Peng, Li Min"]
[Result "1/2-1/2"]
[WhiteElo "1990"]
[BlackElo "2514"]
[PlyCount "78"]
[EventDate "2024.??.??"]
[WhiteTeam "Kenya"]
[BlackTeam "Switzerland"]
[WhiteTeamCountry "KEN"]
[BlackTeamCountry "SUI"]
[WhiteClock "0:27:48"]
[BlackClock "0:07:01"]

1. e4 c5 2. Nf3 d6 3. d4 cxd4 4. Qxd4 Nf6 5. Nc3 Nc6 6. Bb5 Bd7 7. Bxc6 Bxc6 8. Bg5 e6 9. O-O-O Be7 10. Rhe1 O-O 11. e5 dxe5 12. Nxe5 Qc8 ({RR} 12... Qa5 13. h4 h6 14. Bd2 Qa6 15. g4 Rad8 16. Qe3 Nd5 17. Nxd5 Rxd5 18. a3 Bxh4 19. Bb4 Rc8 20. Nxf7 Rxd1+ 21. Kxd1 Qc4 22. Kc1 Kxf7 23. Kb1 Bd5 24. Bc3 Bg5 {0-1 (24) Van Foreest,J (2714)-Matlakov,M (2674) Chess.com INT 2022}) 13. h4 $146 ({RR} 13. Qh4 Re8 14. Rd3 b5 15. Rg3 Kf8 16. Bh6 {1-0 (16) Vakhlamov,I (2413)-Vachylya,A (2274) Chess.com INT 2022}) ({RR} 13. Qc4 Rd8 14. Rxd8+ Bxd8 15. Nxc6 Qxc6 16. Qxc6 bxc6 17. Rd1 Nd5 18. Bxd8 Rxd8 19. Ne4 Rc8 20. c4 Nb6 21. b3 Kf8 22. a4 a5 23. Nc5 Ke7 24. Kc2 g5 25. Kc3 Rb8 26. Ne4 h6 27. Nc5 g4 {Levitan,C (2007)-Belozerov,A (2460) chess.com INT 2023 ½-½ (48)}) 13... Rd8 14. Qf4 Qc7 15. Qc4 Rxd1+ 16. Nxd1 Rc8 17. Nxc6 bxc6 18. Nc3 Qb7 19. Ne4 Nd5 20. Bxe7 Qxe7 21. g3 c5 22. Nc3 Nb6 23. Qe4 c4 24. Qe5 h6 25. Rd1 Qb7 26. g4 Qf3 27. g5 hxg5 28. Qxg5 Qxf2 29. Rg1 g6 30. h5 Rc5 31. Qd8+ Kg7 32. h6+ Kh7 33. Rd1 Qe3+ 34. Kb1 Nd5 35. Ne4 Qxe4 36. Qf8 Qe5 37. Qxf7+ Kh8 38. Qf8+ Kh7 39. Qf7+ Kh8 1/2-1/2

[Event "45th FIDE Chess Olympiad Open"]
[Site "Budapest, Hungary"]
[Date "2024.09.11"]
[Round "1.151"]
[White "Georgiadis, Nico"]
[Black "Wanasunia, Elvis Likoko"]
[Result "1-0"]
[WhiteElo "2510"]
[BlackElo "1942"]
[PlyCount "55"]
[EventDate "2024.??.??"]
[WhiteTeam "Switzerland"]
[BlackTeam "Kenya"]
[WhiteTeamCountry "SUI"]
[BlackTeamCountry "KEN"]
[WhiteClock "0:28:55"]
[BlackClock "0:55:06"]

1. d4 d5 2. c4 e6 3. Nf3 Nf6 4. g3 c5 5. cxd5 exd5 6. Nc3 Nc6 7. Bg2 h6 8. O-O Be6 9. b3 Rc8 10. Bb2 Be7 11. Rc1 b6 12. dxc5 Bxc5 ({RR} 12... d4 13. Nb5 bxc5 14. Nd2 O-O 15. Bxc6 Rxc6 16. Nxd4 Rd6 17. Nxe6 fxe6 18. Bxf6 Bxf6 19. Rc2 Bc3 20. Rxc3 Rxd2 21. Qe1 Rxa2 22. Rxc5 Qd4 23. Ra5 Rb2 24. Qa1 Qd2 25. Re5 Rf6 26. Qxa7 Rxb3 27. Qa8+ {Praczukowski,S (2103)-Kumala,A (2160) Jastrzebia Gora POL 2024 ½-½ (42)}) 13. Nb5 $146 ({RR} 13. a3 O-O 14. b4 Be7 15. Qd3 Qd7 16. Rfd1 Rfd8 17. e3 Bh3 18. Ne2 Bg4 19. Nf4 Kh8 20. b5 Na5 21. Ne5 Rxc1 22. Rxc1 Qe8 23. Nxg4 Nxg4 24. Bxd5 Bf6 25. Bxf6 Nxf6 26. Bxf7 Rxd3 27. Bxe8 Rd8 {Biebinger,G (2294)-Schmid,H (2143) Freudenstadt 2015 1-0}) ({RR} 13. Na4 Be7 14. Nd4 Nxd4 15. Qxd4 O-O 16. e3 Qd7 17. Qd3 Rfd8 18. Rxc8 Rxc8 19. Rd1 Bf5 20. Qe2 Rc2 21. Rd2 Bg4 22. f3 Rxd2 23. Qxd2 Be6 24. Nc3 Bb4 25. a3 Bd6 26. Ne2 Qe7 27. b4 Nd7 {Grillitsch,K (2285)-Posch,W (2180) Austria 1995 ½-½ (36)}) 13... O-O 14. a3 Qd7 15. Bxf6 gxf6 16. b4 Be7 17. Nbd4 Ne5 18. Qd2 Kg7 19. Qe3 Ng4 20. Qf4 f5 21. Bh3 Bd6 22. Qd2 Be7 23. Nxe6+ fxe6 24. Bxg4 fxg4 25. Qd4+ e5 26. Nxe5 Bf6 27. Nxd7 Bxd4 28. Nxf8 1-0